000 00367cam a2200133ua 4500
003 OSt
008 250505b |||||||| |||| 00| 0 eng d
082 _a624.15136
_bARO/SO
100 _aArora, K R.
_9131
245 _aSoil mechanics and foundation engineering /
260 _aNew Delhi :
_bStandard publishers Distributors ,
_c2000.
300 _a ;
_e`.
942 _cBK
999 _c13033
_d13033